banner koha

Consumo e utilizacao de folhas de cultivares de couve (Brassica oleracea L. var. Acephala)por Agrotis subterranea (Fabricius, 1794)(Lepidoptera, Noctuidae)[largata rosca] (Registro n. 113861)

MARC details
000 -LÍDER
campo de controle de tamanho fixo 01062nas a2200265 4500
001 - NÚMERO DE CONTROLE
campo de controle BR8400798
003 - IDENTIFICADOR DO NÚMERO DE CONTROLE
campo de controle BR-BrBNA
005 - DATA E HORÁRIO DA ÚLTIMA TRANSAÇÃO
campo de controle 20231205085808.0
007 - CAMPO FIXO DE DESCRIÇÃO FÍSICA--INFORMAÇÃO GERAL
campo de controle de tamanho fixo ta
008 - CAMPO DE DADOS FIXOS--INFORMAÇÃO GERAL
campo de controle de tamanho fixo 230509b bl.|||p| |||| 00| 00por d
040 ## - FONTE DA CATALOGAÇÃO
Instituição da catalogação original BR-BrBNA
Idioma da catalogação por
Instituição que transcreveu o registro Biblioteca Nacional de Agricultura
041 ## - CÓDIGO DE IDIOMA
Código do idioma do texto/trilha sonora ou título diferente (Pt)
072 ## - CÓDIGO DE CATEGORIA DE ASSUNTO
Código de Categoria de Assunto H10
100 1# - ENTRADA PRINCIPAL--NOME PESSOAL
Nome pessoal Vendramim, J.D.
100 1# - ENTRADA PRINCIPAL--NOME PESSOAL
Nome pessoal Lara, F.M.
100 1# - ENTRADA PRINCIPAL--NOME PESSOAL
Nome pessoal Parra, J.R.P.
245 1# - TÍTULO
Título Consumo e utilizacao de folhas de cultivares de couve (Brassica oleracea L. var. Acephala)por Agrotis subterranea (Fabricius, 1794)(Lepidoptera, Noctuidae)[largata rosca]
Restante do título Parte de tese
246 1# - FORMA VARIANTE DO TÍTULO
Título/título abreviado Consumption and utilization of leaves of green cole cultivars (Brassica oleracea L. var. acephala)by Agrotis subterranea (Fabricius, 1794)(Lepidoptera, Noctuidae)
Restante do título [Part of thesis]
650 ## - ASSUNTO--TERMO TÓPICO
Cabeçalho tópico ou nome geográfico COUVE
650 ## - ASSUNTO--TERMO TÓPICO
Cabeçalho tópico ou nome geográfico LAGARTA ROSCA
650 ## - ASSUNTO--TERMO TÓPICO
Cabeçalho tópico ou nome geográfico FOLHA
773 0# - ENTRADA ANALÍTICA
Título Anais da Sociedade Entomologica do Brasil (Brazil)
ISSN - International Standard Serial Number ISSN 0301-8059
Partes relacionadas (1983), v. 12(2) p. 129-144
Número de controle do registro BR8400798
909 ## -
-- 202311
-- Lúcia
-- 55
-- Lúcia Elande
942 ## - ELEMENTOS DE ENTRADA ADICIONADOS (KOHA)
Fonte da classificação ou esquema de arquivamento na estante Classificação AGRIS
Ocultar no OPAC Não
Tipo de material Koha Analítica
Exemplares
Situação do descarte Fonte da classificação ou esquema de arquivamento na estante Situação física Não pode ser emprestado Biblioteca de origem Biblioteca atual Localização na estante Enumeração do periódico / cronologia Total de empréstimos Data de último acesso Número do exemplar Tipo de material Koha Fonte de aquisição
  Classificação AGRIS   Consulta local Biblioteca Nacional de Agricultura - Binagri Biblioteca Nacional de Agricultura - Binagri   (1983), v. 12(2) p. 129-144   29/11/2023 01 Periódicos Portaria Interministerial nº 164/94

BINAGRI

Telefone: (61)3218-2567/2388/3357/2097 - binagri@agro.gov.br

Ministério da Agricultura e Pecuária , Esplanada dos Ministérios, Bloco D, Anexo B, Brasília/DF, CEP: 70.043-900